[Event "Chess24 Banter Blitz Cup"]
[Site "chess24.com INT"]
[Date "2020.03.01"]
[Round "3.4"]
[White "Christiansen, Johan-Sebastian"]
[Black "Grandelius, Nils"]
[Result "1-0"]
[WhiteTitle "GM"]
[BlackTitle "GM"]
[WhiteElo "2558"]
[BlackElo "2691"]
[WhiteFideId "1512668"]
[BlackFideId "1710400"]
[EventDate "2019.09.25"]
[EventType "blitz"]

1. d4 Nf6 2. c3 e6 3. Bf4 c5 4. e3 Nc6 5. Nd2 d5 6. Ngf3 Bd6 7. Bg3 Qc7 8. dxc5
Bxg3 9. hxg3 a5 10. Bb5 Bd7 11. Qe2 h6 12. O-O O-O 13. a4 e5 14. e4 Rfe8 15.
Rfe1 d4 16. Nc4 dxc3 17. bxc3 Bg4 18. Qe3 Bxf3 19. gxf3 Red8 20. Red1 Ne7 21.
Rd6 Ne8 22. Rad1 Ng6 23. Rd7 Rxd7 24. Rxd7 Qb8 25. Nb6 Nf6 26. Rd1 Ra7 27. Qd3
Nf8 28. Qd8 Qxd8 29. Rxd8 g6 30. Rc8 Kg7 31. Rb8 Ne6 32. Nc8 1-0

[Event "Chess24 Banter Blitz Cup"]
[Site "chess24.com INT"]
[Date "2020.03.01"]
[Round "3.5"]
[White "Grandelius, Nils"]
[Black "Christiansen, Johan-Sebastian"]
[Result "1-0"]
[WhiteTitle "GM"]
[BlackTitle "GM"]
[WhiteElo "2691"]
[BlackElo "2558"]
[WhiteFideId "1710400"]
[BlackFideId "1512668"]
[EventDate "2019.09.25"]
[EventType "blitz"]

1. e4 e5 2. Nf3 Nc6 3. Nc3 Nf6 4. Bb5 Bb4 5. O-O O-O 6. d4 exd4 7. Nd5 Be7 8.
Re1 a6 9. Nxe7+ Qxe7 10. Bf1 d6 11. Nxd4 Bg4 12. f3 Bd7 13. c4 Rfe8 14. Be3 Ne5
15. Rc1 h6 16. Bf2 Rad8 17. b4 Ng6 18. Nf5 Qf8 19. Ne3 Ne5 20. Nd5 Nxd5 21. cxd5
Rc8 22. a4 f5 23. exf5 Qxf5 24. b5 axb5 25. axb5 b6 26. Qd4 Qf6 27. Qb4 Qg6 28.
Bg3 Nd3 29. Rxe8+ Rxe8 30. Qb1 Bf5 31. Rxc7 Nc5 32. Qa1 Bd3 33. Bxd3 Nxd3 34.
Qc3 h5 35. Rc8 Rxc8 36. Qxc8+ Kh7 37. Qe6 Nb4 38. Bxd6 Qb1+ 39. Kf2 Nd3+ 40. Kg3
Qc2 41. Qe4+ Kg8 42. Qe8+ Kh7 43. Qxh5+ Kg8 44. Qe8+ Kh7 45. Qe4+ Kg8 46. Qe3
Nc1 47. Qe6+ Kh8 48. Qh3+ Kg8 49. Qe6+ Kh8 50. Qe8+ Kh7 51. Qe4+ Qxe4 52. fxe4
Nd3 53. e5 Kg8 54. e6 g6 55. Kf3 Nb2 56. Ke4 Nc4 57. Bc7 Kf8 58. d6 Ke8 59. d7+
Ke7 60. d8=Q+ Kxe6 61. Qe8+ Kf6 62. Qf8+ Ke6 63. Qg8+ Kd7 64. Qxc4 g5 65. Qc6+
Ke7 66. Qxb6 Kf7 67. Qc6 Kg7 68. Be5+ Kh7 69. Kf5 g4 70. Qd7+ Kh6 71. Qg7+ Kh5
72. Qh7# 1-0

[Event "Chess24 Banter Blitz Cup"]
[Site "chess24.com INT"]
[Date "2020.03.01"]
[Round "3.6"]
[White "Christiansen, Johan-Sebastian"]
[Black "Grandelius, Nils"]
[Result "0-1"]
[WhiteTitle "GM"]
[BlackTitle "GM"]
[WhiteElo "2558"]
[BlackElo "2691"]
[WhiteFideId "1512668"]
[BlackFideId "1710400"]
[EventDate "2019.09.25"]
[EventType "blitz"]

1. c4 c5 2. g3 g6 3. Bg2 Bg7 4. Nc3 Nc6 5. d3 d6 6. Bd2 e5 7. Qc1 h6 8. a3 Nge7
9. Rb1 Rb8 10. b4 b6 11. Nf3 Be6 12. O-O g5 13. b5 Nd4 14. Ne1 Qd7 15. e3 Ndf5
16. Ne4 d5 17. cxd5 Nxd5 18. Qc2 O-O 19. Bc1 Rbc8 20. Nd2 Nde7 21. Nc4 Nd6 22.
a4 Rfd8 23. Nxd6 Qxd6 24. Bb2 c4 25. dxc4 Rxc4 26. Qe2 Rxa4 27. Nf3 Bc4 28. Qc2
Bxf1 29. Qxa4 Bxg2 30. Kxg2 Rd7 31. Rc1 e4 32. Nd4 Qd5 33. Ba1 Nf5 34. Rc8+ Kh7
35. Rc4 Nxd4 36. Bxd4 Qf5 37. Qd1 Qxb5 38. Qc2 Bxd4 39. exd4 Qf5 40. d5 Rxd5 41.
Qxe4 Qxe4+ 42. Rxe4 Kg6 43. Re7 a5 44. Rb7 Rb5 45. Kh3 Rb4 46. f3 a4 47. f4 gxf4
48. gxf4 b5 49. Kg4 h5+ 50. Kf3 Rb3+ 51. Ke4 a3 52. f5+ Kf6 53. Rb6+ Kg5 54. Rb7
a2 55. Ra7 Rb4+ 56. Kd5 Ra4 57. Rxf7 a1=Q 58. Rg7+ Qxg7 59. Kc6 Qf6+ 60. Kxb5
Re4 61. Kc5 Re5+ 62. Kd4 Qxf5 63. Kc3 Qf4 64. Kd3 Re3+ 65. Kd2 Qf2+ 66. Kd1 Re1# 0-1

[Event "Chess24 Banter Blitz Cup"]
[Site "chess24.com INT"]
[Date "2020.03.01"]
[Round "3.7"]
[White "Grandelius, Nils"]
[Black "Christiansen, Johan-Sebastian"]
[Result "0-1"]
[WhiteTitle "GM"]
[BlackTitle "GM"]
[WhiteElo "2691"]
[BlackElo "2558"]
[WhiteFideId "1710400"]
[BlackFideId "1512668"]
[EventDate "2019.09.25"]
[EventType "blitz"]

1. e4 e6 2. d4 d5 3. Nd2 c5 4. Ngf3 cxd4 5. Nxd4 Nf6 6. exd5 Nxd5 7. N2f3 Bb4+
8. Bd2 Bxd2+ 9. Qxd2 O-O 10. Bc4 Nf6 11. O-O a6 12. Rfe1 Qc7 13. Bd3 Nbd7 14. c3
b6 15. Rad1 Bb7 16. Bb1 Nc5 17. Qe3 Rad8 18. Qe5 Qc8 19. h3 Rd5 20. Qg3 Rfd8 21.
Bc2 Nh5 22. Qh4 Nf6 23. Ne5 h6 24. Qg3 Nh5 25. Qg4 Nf6 26. Qg3 Qc7 27. b4 Ncd7
28. Nxd7 Qxd7 29. Nf3 Qc8 30. Rxd5 Bxd5 31. Ne5 Bxa2 32. Ra1 Bd5 33. Bd3 b5 34.
Qe3 Qb7 35. Bf1 Rc8 36. Qd4 Ne4 37. Ra3 Nf6 38. Nd3 Bc4 39. Nc5 Qd5 40. Qxd5
Nxd5 41. Bxc4 bxc4 42. Nxa6 Ra8 43. b5 f5 44. Ra4 Nb6 45. Rb4 Rd8 46. Nc5 Rd1+
47. Kh2 Rc1 48. Nxe6 Rxc3 49. Nd4 Rd3 50. Nxf5 c3 51. Ne3 Rxe3 52. Rb1 Re2 53.
Rc1 c2 54. Kg3 Rd2 55. Kf3 Nd5 56. b6 Nxb6 57. Ke3 Nc4+ 0-1

[Event "Chess24 Banter Blitz Cup"]
[Site "chess24.com INT"]
[Date "2020.03.01"]
[Round "3.8"]
[White "Christiansen, Johan-Sebastian"]
[Black "Grandelius, Nils"]
[Result "0-1"]
[WhiteTitle "GM"]
[BlackTitle "GM"]
[WhiteElo "2558"]
[BlackElo "2691"]
[WhiteFideId "1512668"]
[BlackFideId "1710400"]
[EventDate "2019.09.25"]
[EventType "blitz"]

1. e4 c5 2. Nf3 d6 3. d4 cxd4 4. Nxd4 Nf6 5. Nc3 a6 6. Bg5 Nbd7 7. Qe2 Qa5 8. h4
g6 9. O-O-O Bg7 10. Nb3 Qc7 11. f4 h6 12. Bxf6 Nxf6 13. e5 dxe5 14. fxe5 Ng4 15.
Nd5 Qxe5 16. Qxe5 Bxe5 17. Re1 Be6 18. Nb6 Rb8 19. Bc4 Bf5 20. Na5 O-O 21. Nd5
e6 22. Ne7+ Kg7 23. Be2 Nf2 24. Rhf1 Bg3 25. Kb1 Ne4 26. Rd1 Bxh4 27. Nxf5+ gxf5
28. Bf3 Bd8 29. Nc4 Ng3 30. Rfe1 Bh4 31. Rd7 Rfd8 32. Rxb7 Ne4 33. Rxb8 Rxb8 34.
Rh1 Bf6 35. a3 Ng3 36. Rd1 e5 37. Rd7 e4 38. Bd1 Rd8 39. Rxd8 Bxd8 40. b4 h5 41.
a4 h4 42. b5 axb5 43. axb5 f4 44. Nd6 e3 45. c4 e2 46. Bxe2 Nxe2 47. c5 f3 48.
b6 fxg2 49. b7 g1=Q+ 50. Kb2 Qd4+ 51. Kb3 Nc1+ 52. Ka3 Qxc5+ 53. Kb2 Qxd6 54.
b8=Q Qxb8+ 55. Kc2 Bf6 56. Kd1 Qg3 57. Kc2 Qf3 58. Kb1 h3 59. Kc2 Nd3 60. Kb1
Nc5 61. Ka2 h2 62. Kb1 h1=Q+ 63. Kc2 Qhg2+ 64. Kb1 Qff1# 0-1

[Event "Chess24 Banter Blitz Cup"]
[Site "chess24.com INT"]
[Date "2020.03.01"]
[Round "3.9"]
[White "Grandelius, Nils"]
[Black "Christiansen, Johan-Sebastian"]
[Result "0-1"]
[WhiteTitle "GM"]
[BlackTitle "GM"]
[WhiteElo "2691"]
[BlackElo "2558"]
[WhiteFideId "1710400"]
[BlackFideId "1512668"]
[EventDate "2019.09.25"]
[EventType "blitz"]

1. e4 e6 2. d4 d5 3. Nd2 c5 4. dxc5 Bxc5 5. exd5 Qxd5 6. Ngf3 Nf6 7. Bd3 O-O 8.
Qe2 Nc6 9. Ne4 Be7 10. O-O Qh5 11. Ng3 Qa5 12. a3 Qc7 13. b4 b6 14. Bb2 Bb7 15.
Rad1 Rad8 16. Ng5 h6 17. Bxf6 hxg5 18. Bb2 Rd5 19. Qh5 f5 20. Bc4 Nxb4 21. Bxd5
Nxd5 22. Qg6 Bf6 23. Bxf6 Nxf6 24. Qxg5 f4 25. Nh5 Nxh5 26. Qxh5 f3 27. Rfe1
fxg2 28. Qe5 Qxc2 29. Qxe6+ Kh8 30. Qh3+ Kg8 31. Qe6+ Kh8 32. Qh3+ Kg8 33. Qe3
Bf3 34. Rd7 Bc6 35. Rc7 Kh8 36. Qd4 Rf6 37. Rc8+ Kh7 38. h3 Kg6 39. Qg4+ Kh7 40.
Rc7 Qxf2+ 41. Kh2 g1=Q# 0-1

[Event "Chess24 Banter Blitz Cup"]
[Site "chess24.com INT"]
[Date "2020.03.01"]
[Round "3.10"]
[White "Christiansen, Johan-Sebastian"]
[Black "Grandelius, Nils"]
[Result "1-0"]
[WhiteTitle "GM"]
[BlackTitle "GM"]
[WhiteElo "2558"]
[BlackElo "2691"]
[WhiteFideId "1512668"]
[BlackFideId "1710400"]
[EventDate "2019.09.25"]
[EventType "blitz"]

1. e4 c5 2. Nc3 e6 3. Nge2 d6 4. d4 cxd4 5. Nxd4 a6 6. g4 Ne7 7. Be3 Nec6 8. Nb3
b5 9. a3 Nd7 10. Qe2 Bb7 11. O-O-O Rc8 12. f4 Na5 13. Kb1 Nc4 14. Bc1 Nxa3+ 15.
bxa3 Rxc3 16. Bb2 Rc4 17. Qe3 Bxe4 18. Bxc4 Bxh1 19. Bxe6 fxe6 20. Rxh1 Kf7 21.
f5 e5 22. g5 Be7 23. h4 Rf8 24. g6+ hxg6 25. fxg6+ Kg8 26. h5 Qa8 27. Qh3 Qf3
28. Qe6+ Kh8 29. Rh3 Qf5 30. Qxe7 Qxh3 31. h6 Qxh6 32. Qxd7 Qxg6 33. Bc1 Rf2 34.
Qd8+ Kh7 35. Qh4+ 1-0

[Event "Chess24 Banter Blitz Cup"]
[Site "chess24.com INT"]
[Date "2020.03.01"]
[Round "3.11"]
[White "Grandelius, Nils"]
[Black "Christiansen, Johan-Sebastian"]
[Result "1-0"]
[WhiteTitle "GM"]
[BlackTitle "GM"]
[WhiteElo "2691"]
[BlackElo "2558"]
[WhiteFideId "1710400"]
[BlackFideId "1512668"]
[EventDate "2019.09.25"]
[EventType "blitz"]

1. e4 e6 2. d4 d5 3. Nd2 c5 4. exd5 Qxd5 5. dxc5 Nf6 6. Ngf3 Qxc5 7. Bd3 Be7 8.
O-O O-O 9. Qe2 Qc7 10. a4 Nbd7 11. a5 Nc5 12. Bc4 Bd7 13. Ne5 Be8 14. Ndf3 Rd8
15. Be3 Nd5 16. Bd4 Bf6 17. c3 Nf4 18. Qc2 Ng6 19. Nxg6 hxg6 20. Rfd1 Bxd4 21.
Nxd4 Qf4 22. Bf1 Nd7 23. Nb5 a6 24. Nd4 Qc7 25. b4 Nf6 26. Nb3 Ng4 27. g3 Bc6
28. Nd4 Ne5 29. Be2 Bd5 30. Qc1 Bc4 31. Qe3 Bxe2 32. Qxe2 Nc4 33. Nb3 Rd6 34.
Nc5 Rfd8 35. Rxd6 Nxd6 36. Rd1 Nb5 37. Rxd8+ Qxd8 38. Nxb7 Qd5 39. c4 Qxb7 40.
cxb5 axb5 41. Qe3 Qc8 42. Qc5 Qd7 43. a6 Qd1+ 44. Kg2 Qa1 45. Qc6 Kh7 46. Qb7 e5
47. a7 Qd4 48. a8=Q e4 49. Qxe4 Qd6 50. Qh4# 1-0

[Event "Chess24 Banter Blitz Cup"]
[Site "chess24.com INT"]
[Date "2020.03.01"]
[Round "3.12"]
[White "Christiansen, Johan-Sebastian"]
[Black "Grandelius, Nils"]
[Result "0-1"]
[WhiteTitle "GM"]
[BlackTitle "GM"]
[WhiteElo "2558"]
[BlackElo "2691"]
[WhiteFideId "1512668"]
[BlackFideId "1710400"]
[EventDate "2019.09.25"]
[EventType "blitz"]

1. d4 Nf6 2. c4 e6 3. Nc3 Bb4 4. e3 O-O 5. Ne2 Re8 6. a3 Bf8 7. g4 d5 8. g5 Ne4
9. cxd5 exd5 10. h4 c6 11. f3 Nxc3 12. bxc3 Nd7 13. Bg2 Nb6 14. e4 dxe4 15. fxe4
Bg4 16. Qd3 c5 17. Be3 cxd4 18. cxd4 Rc8 19. O-O Nc4 20. Bf2 Ne5 21. Qe3 Ng6 22.
e5 b5 23. Rfc1 Rxc1+ 24. Nxc1 Qd7 25. Nd3 Bf5 26. Nb4 Rc8 27. h5 Ne7 28. Rc1 a5
29. Rxc8 Qxc8 30. Nd3 Qc3 31. Nc5 Qxe3 32. Bxe3 Bg4 33. d5 Nf5 34. Bf2 Bxh5 35.
d6 Nxd6 36. exd6 Bxd6 37. Nb7 Bxa3 38. Nxa5 Bc1 39. Bf1 Bxg5 40. Bxb5 Bg4 41.
Nc4 h5 42. Ne5 Be6 43. Bc4 Bxc4 44. Nxc4 f5 45. Kg2 Kf7 46. Nd6+ Kg6 47. Nc4 Bf6
48. Ne3 Be5 49. Nf1 Kf6 50. Kf3 g5 51. Ne3 g4+ 52. Kg2 Kg5 53. Nc4 Bf4 54. Bc5
h4 55. Bf8 Kh5 56. Kf2 h3 57. Nd6 Bxd6 58. Kg1 Kg5 59. Kh1 Bxf8 60. Kg1 Bd6 61.
Kh1 Kf4 62. Kh2 Kf3+ 63. Kg1 Ke2 64. Kh1 Be7 65. Kg1 Kf3 66. Kh1 g3 67. Kg1 Bc5+
68. Kf1 g2+ 69. Ke1 g1=Q+ 70. Kd2 Qe3+ 71. Kc2 Bd4 72. Kb1 Ke2 73. Ka2 Qc3 74.
Kb1 Qb2# 0-1

[Event "Chess24 Banter Blitz Cup"]
[Site "chess24.com INT"]
[Date "2020.03.01"]
[Round "3.13"]
[White "Grandelius, Nils"]
[Black "Christiansen, Johan-Sebastian"]
[Result "0-1"]
[WhiteTitle "GM"]
[BlackTitle "GM"]
[WhiteElo "2691"]
[BlackElo "2558"]
[WhiteFideId "1710400"]
[BlackFideId "1512668"]
[EventDate "2019.09.25"]
[EventType "blitz"]

1. e4 c5 2. Nf3 d6 3. Bb5+ Bd7 4. Bxd7+ Qxd7 5. O-O g6 6. c3 Nf6 7. Re1 Bg7 8.
d4 cxd4 9. cxd4 O-O 10. Nc3 Nc6 11. h3 Rac8 12. e5 Ne8 13. Bf4 dxe5 14. dxe5 Qf5
15. Bg3 Nc7 16. Nd4 Nxd4 17. Qxd4 b6 18. Qa4 a5 19. Qb3 Rb8 20. Rad1 b5 21. Nd5
Nxd5 22. Rxd5 a4 23. Qb4 Qe6 24. Red1 h5 25. Rxb5 Rxb5 26. Qxb5 Qxa2 27. Bh4 Qe6
28. Qxa4 Qxe5 29. b4 g5 30. Bg3 Qe4 31. Qb3 h4 32. Bc7 g4 33. hxg4 Qxg4 34. b5
h3 35. Bg3 hxg2 36. Kxg2 Qe4+ 37. Qf3 Qb4 38. Rd7 Qxb5 39. Rxe7 Qg5 40. Re4 f5
41. Ra4 Bh6 42. Qd5+ Kh8 43. Ra8 Rxa8 44. Qxa8+ Kh7 45. Qb7+ Bg7 46. Qf3 Qg6 47.
Qf4 Bf6 48. Kf1 Qh5 49. Qc7+ Kg6 50. Qc6 Qd1+ 51. Kg2 Qe2 52. Qf3 Qe6 53. Bf4
Kf7 54. Qh5+ Ke7 55. Qh7+ Ke8 56. Qg6+ Kd7 57. Qh7+ Kc6 58. Qg6 Qe4+ 59. Kg3 Qe6
60. Kg2 Kd5 61. Qg3 Kc6 62. Qf3+ Kd7 63. Qd3+ Kc6 64. Qc2+ Kb5 65. Qb1+ Ka4 66.
Qc2+ Kb5 67. Qd3+ Kc6 68. Qc2+ Kb7 69. Qb1+ Kc8 70. Qc2+ Kd8 71. Qd3+ Ke8 72.
Qe3 Kf7 73. Qxe6+ Kxe6 74. Kf3 Bd4 75. Be3 Be5 76. Ke2 Bd6 77. f3 Be5 78. Bd2
Bd6 79. Be3 Be5 80. Bf2 Bf6 81. Kf1 Bg5 82. Ke2 Bf4 83. Be3 Bd6 0-1

[Event "Chess24 Banter Blitz Cup"]
[Site "chess24.com INT"]
[Date "2020.03.01"]
[Round "3.14"]
[White "Christiansen, Johan-Sebastian"]
[Black "Grandelius, Nils"]
[Result "0-1"]
[WhiteTitle "GM"]
[BlackTitle "GM"]
[WhiteElo "2558"]
[BlackElo "2691"]
[WhiteFideId "1512668"]
[BlackFideId "1710400"]
[EventDate "2019.09.25"]
[EventType "blitz"]

1. e4 c5 2. Nf3 d6 3. Nc3 e6 4. d4 cxd4 5. Nxd4 a6 6. Be3 b5 7. a4 b4 8. Na2 Nf6
9. Bd3 Bb7 10. f3 Be7 11. O-O a5 12. c3 bxc3 13. Nxc3 O-O 14. Kh1 Nbd7 15. Qe2
d5 16. exd5 Nxd5 17. Nxd5 Bxd5 18. Rfc1 Bf6 19. Bb5 Ne5 20. Bf2 Rc8 21. Rc2 Rxc2
22. Qxc2 h5 23. Rc1 h4 24. h3 Bg5 25. Re1 Ng6 26. Bc6 Bf4 27. Bxd5 exd5 28. Qf5
Bc7 29. Nb5 Bb8 30. Rd1 Nf4 31. Ba7 g6 32. Qc2 Bxa7 33. Nxa7 Re8 34. Nc6 Qg5 35.
Nd4 Kg7 36. Rg1 Qe5 37. Qc3 Nh5 38. Rd1 Ng3+ 39. Kg1 Kh7 40. Nc6 Ne2+ 41. Kh1
Nxc3 42. Nxe5 Nxd1 43. Nxf7 Nxb2 44. Ng5+ Kg7 45. f4 Nxa4 46. f5 gxf5 47. g4
hxg3 48. Nf3 Nc3 49. Nd4 a4 50. Kg2 a3 51. Ne6+ Rxe6 52. Kf3 a2 53. Kf4 a1=Q 54.
h4 Qf1+ 55. Kg5 Qc1+ 56. Kxf5 Qe3 57. Kg4 Rg6+ 58. Kh3 g2+ 59. Kh2 g1=Q# 0-1

[Event "Chess24 Banter Blitz Cup"]
[Site "chess24.com INT"]
[Date "2020.02.27"]
[Round "3.1"]
[White "Anton Guijarro, David"]
[Black "Larino Nieto, David"]
[Result "1-0"]
[WhiteTitle "GM"]
[BlackTitle "GM"]
[WhiteElo "2674"]
[BlackElo "2473"]
[WhiteFideId "2285525"]
[BlackFideId "2256444"]
[EventDate "2019.09.25"]
[EventType "blitz"]

1. c4 e6 2. Nf3 Nf6 3. g3 d5 4. Bg2 c5 5. O-O Nc6 6. cxd5 exd5 7. d4 Be7 8. Nc3
O-O 9. dxc5 Bxc5 10. Na4 Be7 11. Be3 Ne4 12. Rc1 Re8 13. Nc3 Be6 14. Nd4 Nxd4
15. Bxd4 f5 16. e3 Qd7 17. Ne2 Bf7 18. Nf4 b6 19. Qe2 g5 20. Nd3 g4 21. Ne5 Qe6
22. Rc6 Bd6 23. Nxf7 Kxf7 24. Bxe4 fxe4 25. Rfc1 Rad8 26. a4 Rd7 27. b4 Qf5 28.
a5 bxa5 29. bxa5 h5 30. Bxa7 Rxa7 31. Rxd6 Rxa5 32. Qb2 Qe5 33. Rc7+ Kf8 34.
Rf6+ Kg8 35. Rg6+ Kh8 36. Qb7 1-0

[Event "Chess24 Banter Blitz Cup"]
[Site "chess24.com INT"]
[Date "2020.02.27"]
[Round "3.2"]
[White "Larino Nieto, David"]
[Black "Anton Guijarro, David"]
[Result "1-0"]
[WhiteTitle "GM"]
[BlackTitle "GM"]
[WhiteElo "2473"]
[BlackElo "2674"]
[WhiteFideId "2256444"]
[BlackFideId "2285525"]
[EventDate "2019.09.25"]
[EventType "blitz"]

1. e4 e5 2. Nf3 Nc6 3. Nc3 g6 4. g3 Bg7 5. Bg2 d6 6. O-O Nge7 7. d3 O-O 8. Be3
h6 9. Qd2 Kh7 10. Nh4 g5 11. Bxg5 hxg5 12. Qxg5 Ng6 13. Qh5+ Bh6 14. Nf5 Qg5 15.
Qxh6+ Qxh6 16. Nxh6 Kxh6 17. Nd5 Rb8 18. Nxc7 a6 19. c3 b5 20. a3 Rb7 21. Nd5
Be6 22. Nb4 Nb8 23. f3 a5 24. Nc2 Nd7 25. d4 Bb3 26. Ne3 Kh7 27. f4 exf4 28.
gxf4 Nh4 29. Bh1 Nb6 30. Kf2 Nc4 31. Nxc4 bxc4 32. Ke3 Ng6 33. f5 Ne7 34. Rf4
Ng8 35. Rh4+ Nh6 36. Rf1 Ba4 37. Rf3 Rh8 38. Rf2 Kg7 39. Rhf4 f6 40. e5 Re7 41.
e6 Nf7 42. h4 Kf8 43. Bd5 Nh6 44. Bxc4 Be8 45. Kd3 Bh5 46. Bd5 Rg8 47. Be4 Rg3+
48. Kc4 Rc7+ 49. Kd5 Ke7 50. c4 Be8 51. c5 Bc6+ 52. Kc4 Bxe4 53. Rxe4 a4 54. Kd5
dxc5 55. dxc5 Rb3 56. Rd4 Rb8 57. Rxa4 Rbc8 58. Kc4 Rxc5+ 59. Kb3 R5c7 60. Ka2
Rb8 61. Rd2 Rbb7 62. Rd7+ Rxd7 63. exd7 Rxd7 64. Re4+ Kf7 65. Re3 Nxf5 66. Rf3
Rc7 67. Rf2 Ne7 68. Rf5 Nd5 69. Rxd5 Re7 70. Rb5 1-0

[Event "Chess24 Banter Blitz Cup"]
[Site "chess24.com INT"]
[Date "2020.02.27"]
[Round "3.3"]
[White "Anton Guijarro, David"]
[Black "Larino Nieto, David"]
[Result "1-0"]
[WhiteTitle "GM"]
[BlackTitle "GM"]
[WhiteElo "2674"]
[BlackElo "2473"]
[WhiteFideId "2285525"]
[BlackFideId "2256444"]
[EventDate "2019.09.25"]
[EventType "blitz"]

1. c4 e6 2. g3 g5 3. Bg2 d6 4. d4 Nd7 5. Nc3 h5 6. h4 g4 7. Bg5 f6 8. Bd2 c6 9.
Qc2 Kf7 10. e4 e5 11. Nge2 Nb6 12. b3 Bh6 13. Bxh6 Nxh6 14. O-O Qe7 15. Rad1 Kg7
16. Qd2 Be6 17. d5 cxd5 18. exd5 Bf5 19. Rde1 Qf7 20. Nb5 Rhd8 21. Qb4 Nc8 22.
c5 dxc5 23. Qxc5 Bd3 24. Nbc3 Nd6 25. Qe3 Bg6 26. Qd2 Rac8 27. Rc1 Rc7 28. Na4
Rdc8 29. Rxc7 Rxc7 30. Rc1 b6 31. Nac3 Nhf5 32. Rd1 Qd7 33. Ne4 Nxe4 34. Bxe4
Nd6 35. Bxg6 Kxg6 36. Nc3 Qc8 37. Qd3+ f5 38. Nb5 Nxb5 39. Qxb5 Rc1 40. Qf1 Rxd1
41. Qxd1 Kf6 42. Qd2 Ke7 43. Qg5+ Kd6 44. Qxh5 Qc1+ 45. Kg2 Qc2 46. Qg6+ Kxd5
47. Qf7+ Ke4 48. Qb7+ Kd4 49. h5 e4 50. Qd7+ Ke5 51. Qe7+ Kd5 52. h6 Qc3 53.
Qd7+ Kc5 54. Qc7+ Kb4 55. Qxc3+ Kxc3 56. h7 e3 57. h8=Q+ Kc2 58. fxe3 Kb1 59.
Qc3 Kxa2 60. b4 b5 61. Kf2 a6 62. Ke2 a5 63. Kd2 f4 64. Kc1 fxg3 65. Qb2# 1-0

[Event "Chess24 Banter Blitz Cup"]
[Site "chess24.com INT"]
[Date "2020.02.27"]
[Round "3.4"]
[White "Larino Nieto, David"]
[Black "Anton Guijarro, David"]
[Result "0-1"]
[WhiteTitle "GM"]
[BlackTitle "GM"]
[WhiteElo "2473"]
[BlackElo "2674"]
[WhiteFideId "2256444"]
[BlackFideId "2285525"]
[EventDate "2019.09.25"]
[EventType "blitz"]

1. e4 e5 2. Nf3 Nc6 3. Nc3 g6 4. d4 exd4 5. Nxd4 Bg7 6. Be3 Nf6 7. Nxc6 dxc6 8.
Qxd8+ Kxd8 9. O-O-O+ Ke8 10. f3 Be6 11. Bd4 Ke7 12. Bc5+ Ke8 13. Bd4 Nh5 14.
Bxg7 Nxg7 15. Ne2 Ke7 16. Nd4 a5 17. a4 Bd7 18. b3 Ne6 19. Nxe6 Bxe6 20. Be2 c5
21. Kd2 c6 22. Ke3 Rhb8 23. Rd3 b5 24. Rc3 c4 25. axb5 cxb5 26. bxc4 Rc8 27. Ra1
b4 28. Rb3 Bxc4 29. Bxc4 Rxc4 30. Kd3 Rcc8 31. c3 Rxc3+ 32. Rxc3 bxc3 33. Kxc3
Kd6 34. Kb3 Ke5 35. Rd1 Ra7 36. Rd5+ Kf4 37. Rd3 a4+ 38. Ka3 h5 39. g3+ Ke5 40.
Rd5+ Ke6 41. Rd4 Rc7 42. Kxa4 Rc2 43. h4 Rc3 44. f4 Rxg3 45. Rd5 Rg4 46. Re5+
Kf6 47. Kb5 Rxf4 48. Rf5+ gxf5 0-1

[Event "Chess24 Banter Blitz Cup"]
[Site "chess24.com INT"]
[Date "2020.02.27"]
[Round "3.5"]
[White "Anton Guijarro, David"]
[Black "Larino Nieto, David"]
[Result "1-0"]
[WhiteTitle "GM"]
[BlackTitle "GM"]
[WhiteElo "2674"]
[BlackElo "2473"]
[WhiteFideId "2285525"]
[BlackFideId "2256444"]
[EventDate "2019.09.25"]
[EventType "blitz"]

1. c4 e6 2. g3 g5 3. Bg2 Bg7 4. Nc3 h5 5. h4 g4 6. d4 d6 7. Bg5 f6 8. Bd2 c6 9.
Qc2 Ne7 10. f3 e5 11. dxe5 dxe5 12. O-O-O Qb6 13. Ne4 Be6 14. fxg4 Bxg4 15. Nf3
Nf5 16. Rhf1 Nd7 17. Kb1 O-O-O 18. Nh2 Nd4 19. c5 Qa6 20. Nd6+ Kb8 21. Qg6 Bxe2
22. Bc3 Nxc5 23. Bxd4 Rxd6 24. Bxe5 Bf8 25. Bxd6+ Bxd6 26. Rxd6 Bxf1 27. Bxf1
Qa5 28. Qc2 Qe1+ 29. Rd1 Qe5 30. Nf3 Qe7 31. Nd4 Ne4 32. Bg2 Nxg3 33. Nxc6+ bxc6
34. Qxc6 Qh7+ 35. Ka1 1-0

[Event "Chess24 Banter Blitz Cup"]
[Site "chess24.com INT"]
[Date "2020.02.27"]
[Round "3.6"]
[White "Larino Nieto, David"]
[Black "Anton Guijarro, David"]
[Result "0-1"]
[WhiteTitle "GM"]
[BlackTitle "GM"]
[WhiteElo "2473"]
[BlackElo "2674"]
[WhiteFideId "2256444"]
[BlackFideId "2285525"]
[EventDate "2019.09.25"]
[EventType "blitz"]

1. Nf3 e6 2. b3 f5 3. d3 Nf6 4. Nbd2 g6 5. Bb2 Bg7 6. e4 d6 7. h4 e5 8. exf5
gxf5 9. h5 Bh6 10. Qe2 O-O 11. O-O-O a5 12. Kb1 a4 13. Nc4 axb3 14. cxb3 Nc6 15.
d4 e4 16. Nfe5 Nd5 17. Nxc6 bxc6 18. g4 fxg4 19. a3 Bf5 20. Ne3 Bxe3 21. fxe3
Qg5 22. Re1 Be6 23. Bg2 Rf3 24. Bxf3 exf3 25. Qc4 f2 26. Rc1 Qxe3 27. h6 Rb8 28.
Rh5 g3 29. Qxc6 g2 30. Rxd5 g1=Q 31. Rb5 Qd3+ 32. Ka1 Qxb5 33. Qxc7 Qxb3 0-1

[Event "Chess24 Banter Blitz Cup"]
[Site "chess24.com INT"]
[Date "2020.02.27"]
[Round "3.7"]
[White "Anton Guijarro, David"]
[Black "Larino Nieto, David"]
[Result "0-1"]
[WhiteTitle "GM"]
[BlackTitle "GM"]
[WhiteElo "2674"]
[BlackElo "2473"]
[WhiteFideId "2285525"]
[BlackFideId "2256444"]
[EventDate "2019.09.25"]
[EventType "blitz"]

1. c4 b6 2. g3 Bb7 3. Nf3 e5 4. Bg2 e4 5. Nd4 Bc5 6. Nb3 Be7 7. Nc3 f5 8. d3 Nf6
9. dxe4 fxe4 10. Qc2 O-O 11. Nxe4 Nc6 12. O-O Nb4 13. Qb1 Nc6 14. Bf4 a5 15. Rd1
Nh5 16. Be3 Qe8 17. Nd4 Nxd4 18. Bxd4 Bc6 19. Qd3 Qg6 20. Nc3 Qh6 21. Bxc6 dxc6
22. Be3 Qf6 23. Qe4 Rae8 24. Qg4 g6 25. Rd5 cxd5 26. Nxd5 Qf7 27. Nxc7 Bc5 28.
Nxe8 Bxe3 29. fxe3 Qf2+ 30. Kh1 Rxe8 31. Qd7 Qxe3 32. Rf1 Qe4+ 33. Kg1 Qe3+ 34.
Kh1 Qe6 35. Qc7 Qe4+ 36. Kg1 Qe3+ 37. Kh1 Qxe2 38. Qf7+ Kh8 39. Kg1 Qe3+ 40. Kg2
Qe4+ 41. Kg1 Qe6 42. Qf3 Qe3+ 43. Qxe3 Rxe3 44. Kf2 Re4 45. b3 Re6 46. Rd1 Rf6+
47. Ke3 Re6+ 48. Kf3 Kg7 49. Rd7+ Kf6 50. Rd8 Ng7 51. Rb8 Nf5 52. g4 Nd4+ 0-1

[Event "Chess24 Banter Blitz Cup"]
[Site "chess24.com INT"]
[Date "2020.02.27"]
[Round "3.8"]
[White "Larino Nieto, David"]
[Black "Anton Guijarro, David"]
[Result "1/2-1/2"]
[WhiteTitle "GM"]
[BlackTitle "GM"]
[WhiteElo "2473"]
[BlackElo "2674"]
[WhiteFideId "2256444"]
[BlackFideId "2285525"]
[EventDate "2019.09.25"]
[EventType "blitz"]

1. g3 d5 2. Bg2 e5 3. c4 d4 4. d3 Nc6 5. Nf3 Nf6 6. O-O Bc5 7. a3 a5 8. Nbd2 h6
9. Rb1 O-O 10. b4 axb4 11. axb4 Nxb4 12. Nxe5 Re8 13. Nb3 Na2 14. Nxc5 Nc3 15.
Qb3 Rxe5 16. Nxb7 Bxb7 17. Qxb7 Ra2 18. Qb8 Re8 19. Qxd8 Rxd8 20. Rb7 Nxe2+ 21.
Kh1 Nxc1 22. Rxc1 Ng4 23. Rxc7 Nxf2+ 24. Kg1 Nxd3 25. Rf1 Ne5 26. Bd5 Kh8 27.
Bxf7 Nxf7 28. Rfxf7 d3 29. Rxg7 d2 30. Rh7+ Kg8 31. Rcg7+ Kf8 32. Rf7+ Kg8 33.
Rfg7+ Kf8 34. Rf7+ Kg8 35. Rfg7+ 1/2-1/2